<?xml version="1.0" encoding="UTF-8"?>
<record
    xmlns:xsi="http://www.w3.org/2001/XMLSchema-instance"
    xsi:schemaLocation="http://www.loc.gov/MARC21/slim http://www.loc.gov/standards/marcxml/schema/MARC21slim.xsd"
    xmlns="http://www.loc.gov/MARC21/slim">

  <leader>00924nam a22002417a 4500</leader>
  <controlfield tag="003">3228</controlfield>
  <controlfield tag="005">20241010075300.0</controlfield>
  <controlfield tag="008">241010b        sa ||||| |||| 00| 0 eng d</controlfield>
  <datafield tag="020" ind1=" " ind2=" ">
    <subfield code="a">9780521 705776</subfield>
    <subfield code="c">Paperback</subfield>
  </datafield>
  <datafield tag="040" ind1=" " ind2=" ">
    <subfield code="a">RDA</subfield>
    <subfield code="b">English</subfield>
    <subfield code="c">3228</subfield>
  </datafield>
  <datafield tag="082" ind1=" " ind2=" ">
    <subfield code="a">ST 500.2 KELD</subfield>
  </datafield>
  <datafield tag="100" ind1=" " ind2=" ">
    <subfield code="a"> Kelder, Karin H</subfield>
  </datafield>
  <datafield tag="245" ind1=" " ind2=" ">
    <subfield code="a">Physical Sciences:</subfield>
    <subfield code="b">10, Study Guide</subfield>
    <subfield code="c">Karin Kelder, Weedaad Nasiep</subfield>
  </datafield>
  <datafield tag="260" ind1=" " ind2=" ">
    <subfield code="a">Cape Town :</subfield>
    <subfield code="b">Cambridge University Press, </subfield>
    <subfield code="c">2007.</subfield>
  </datafield>
  <datafield tag="300" ind1=" " ind2=" ">
    <subfield code="a"> xx, 299 pages </subfield>
    <subfield code="b">colour illustrations:</subfield>
    <subfield code="c">30 cm</subfield>
  </datafield>
  <datafield tag="490" ind1=" " ind2=" ">
    <subfield code="a">Study &amp; Master</subfield>
    <subfield code="x">9780521 705776</subfield>
  </datafield>
  <datafield tag="500" ind1=" " ind2=" ">
    <subfield code="a">"NCS"--Cover

Also available in Afrikaans under title: Natuur- en skeikunde. 10, Studiegids.</subfield>
  </datafield>
  <datafield tag="504" ind1=" " ind2=" ">
    <subfield code="a">Includes glossary</subfield>
  </datafield>
  <datafield tag="521" ind1=" " ind2=" ">
    <subfield code="a">Junior</subfield>
  </datafield>
  <datafield tag="651" ind1=" " ind2=" ">
    <subfield code="a">South Africa</subfield>
    <subfield code="9">116385</subfield>
  </datafield>
  <datafield tag="700" ind1=" " ind2=" ">
    <subfield code="a">Weedaad Nasiep, Penny Adnams, Graham Arbuckle, Michelle Delaney, Imar Krige, James Whitelaw and Michelle Delaney</subfield>
    <subfield code="9">189718</subfield>
  </datafield>
  <datafield tag="942" ind1=" " ind2=" ">
    <subfield code="2">ddc</subfield>
    <subfield code="c">JOURNAL </subfield>
    <subfield code="w">12663</subfield>
    <subfield code="x">Priscilla Nozizwe Mogale</subfield>
    <subfield code="y">12663</subfield>
    <subfield code="z">Priscilla Nozizwe Mogale</subfield>
  </datafield>
  <datafield tag="999" ind1=" " ind2=" ">
    <subfield code="c">768714</subfield>
    <subfield code="d">768713</subfield>
  </datafield>
  <datafield tag="952" ind1=" " ind2=" ">
    <subfield code="0">0</subfield>
    <subfield code="1">0</subfield>
    <subfield code="2">ddc</subfield>
    <subfield code="4">0</subfield>
    <subfield code="7">0</subfield>
    <subfield code="8">500</subfield>
    <subfield code="a">MKHUL</subfield>
    <subfield code="b">MKHUL</subfield>
    <subfield code="c">REF</subfield>
    <subfield code="d">2024-10-10</subfield>
    <subfield code="l">0</subfield>
    <subfield code="o">ST 500.2 KELD</subfield>
    <subfield code="p">33228 022948663</subfield>
    <subfield code="r">2024-10-10</subfield>
    <subfield code="w">2024-10-10</subfield>
    <subfield code="y">JOURNAL </subfield>
  </datafield>
</record>
